000 00615nam a2200217 a 4500
005 20240802063718.0
008 160504s2008 mx r 000 0 spa d
020 _a9786074560046
035 _aUPN01000210140
049 _aI
050 4 _aPZ75
_bA4.33
100 1 _aAlmada Rivero, Marcos
_932691
245 1 3 _aLa dentadura de mi abuelo /
_cMarcos Almada Rivero.
260 _aMéxico :
_bProgreso,
_c2008.
300 _a44, [4] p. :
_bil.
440 0 _aRehilete
650 4 _aLibros y lectura para niños
_92290
650 4 _aLiteratura infantil mexicana
_910209
905 _aInfantil
999 _c182241
_d182241